Statistiques concernant Youtubers français : vidéo la plus vue

Cliquez ici pour prendre le quiz!

Statistiques générales

  • Ce quiz a été pris 218 fois
  • Le résultat moyen est 7 sur 35

Statistiques - réponses

Nb de vuesTitreYouTuber% Correct
48 668 827L'écoleCyprien
93%
76 106 155Luigi clash MarioNorman
88%
47 639 654Overwatch Rap BattleSqueezie
86%
9 643 162Duel de blagues nullesAmixem
81%
36 514 976Je sais pas danser!Natoo
67%
14 298 319Le siège d'avion qui coûte 7000€HugoPosay
34%
14 389 065Petits problèmes de FillesAndy
29%
5 639 533Mon record sur FortniteGotaga
28%
4 811 06710 DIY à faire absolument !EnjoyPhoenix
22%
8 177 210Manger avec un poteDaniil
21%
17 365 029Clash d'AstéroïdeStudio Bagel
21%
16 725 505La Vie Sexuelle des Jeux VidéosGolden Moustache
17%
30 829 636La princesse a tenu jusqu'au boutIbra
14%
12 053 475Si tout durait 6 secondesJigmé
14%
10 934 576Les preservatifsJeremy
12%
23 755 807Quand c'est la première foisPalmashow
12%
14 747 563Spécial vidéos russesAntoine Daniel
11%
10 280 817Pie Face Challenge PrankDavid Lafarge
7%
10 978 392Emissions et dessins animés #2Joueur du Grenier
7%
2 542 632Cache-cache géant à la RedBox !Farod
6%
12 534 000Quand j'sais pas quoi faireHugo Tout Seul
6%
4 668 511La vraie pote VS La fausse poteSananas
6%
6 567 929Draw my lifeKemar
5%
13 170 170Écraser des choses mollesTroomTroom
5%
3 430 090La vraie signification des logos de 10 marquesFabien Olicard
3%
5 591 186Je réponds aux méchants commentairesGloria
2%
5 949 19010 conseils pour : Séduire une fille !Horia
2%
5 925 709Les chansons DisneyLinks
2%
2 655 7167 choses à faire pour se sentir bien après l'écoleNoemie
2%
4 906 160Qu'on s'en aille!Caroline
1%
3 118 03210 conseils pour avoir des cheveux longsEmma
1%
2 942 130La plus grande peur de ma vieMamytwink
1%
2 640 511Dégustation My American MarketMissJirachi
1%
15 603 299Challenge What's In My MouthRoxane
1%
5 787 784Vos defis les plus scandaleuxSissy
1%

Distribution des résultats

Percentile par nombre de réponses

% des personnes avec chaque résultat

Votre développement - résultats

Vous n’avez pas pris ce quiz